Awesome Engines: Dig Dig Digging / (Record no. 48698)
| 000 -LEADER | |
|---|---|
| fixed length control field | 00353nam a2200109 4500 |
| 020 ## - INTERNATIONAL STANDARD BOOK NUMBER | |
| International Standard Book Number | 9781841210803 |
| 245 ## - TITLE STATEMENT | |
| Title | Awesome Engines: Dig Dig Digging / |
| Statement of responsibility, etc | written by Margaret Mayo, Ilustrated by Alex Ayliffe. |
| 260 ## - PUBLICATION, DISTRIBUTION, ETC. (IMPRINT) | |
| Place of publication, distribution, etc | London : |
| Name of publisher, distributor, etc | Orchard Books ; |
| Date of publication, distribution, etc | 2002. |
| 300 ## - PHYSICAL DESCRIPTION | |
| Extent | 32 pages. |
| Dimensions | 9.92 x 0.16 x 10.87 inches. |
| 650 ## - SUBJECT ADDED ENTRY--TOPICAL TERM | |
| 9 (RLIN) | 34514 |
| Topical term or geographic name as entry element | Engines. |
| 942 ## - ADDED ENTRY ELEMENTS (KOHA) | |
| Source of classification or shelving scheme | |
| Koha item type | Book |
| Withdrawn status | Lost status | Source of classification or shelving scheme | Damaged status | Not for loan | Home library | Current library | Date acquired | Total Checkouts | Full call number | Barcode | Date last seen | Date checked out | Price effective from | Koha item type |
|---|---|---|---|---|---|---|---|---|---|---|---|---|---|---|
| Logos International School | Logos International School | 03/21/2025 | 1 | E 621.43 MAY | 040555 | 05/08/2025 | 05/01/2025 | 03/21/2025 | Book |